| 000 | 00575nam a22002177a 4500 | ||
|---|---|---|---|
| 001 | T027600001926 | ||
| 008 | 181111b xve|||||r|||| 00| | esp d | ||
| 020 | _a980-394-005-8 | ||
| 099 |
_a330 _bP259 _cCota Rep. 1 |
||
| 100 | _aParra Luzardo, Gastón | ||
| 245 | _aRaúl Prebisch. Pensamiento renovador. | ||
| 260 | _a2006 | ||
| 300 | _a149 | ||
| 500 | _a | ||
| 650 | _aIntegración de América Latina. | ||
| 650 | _aRaúl Prebisch. | ||
| 650 | _aEstructuralismo. | ||
| 650 | _aTeoría y política económica. | ||
| 700 |
_aMaza Zavala, Domingo. _e |
||
| 942 | _cLIB | ||
| 999 |
_c3095 _d3095 |
||